Oda a Guatemala y otros poemas

Saved in:
Bibliografiske detaljer
Hovedforfatter: Leiva, Raúl (Author)
Format: Bog
Sprog:spansk
Udgivet: Ciudad de Guatemala Saker - Ti 1953
Udgivelse:1a. ed
Fag:
Tags: Tilføj Tag
Ingen Tags, Vær først til at tagge denne postø!

MARC

LEADER 00000nam a2200000 a 4500
001 UCJ3997
003 CL-VaPUC
005 20240729163615.0
008 070124e19530616GT |||||||||||||||||spa|d
999 |c 320115  |d 320113 
040 |c Pontificia Universidad Católica de Valparaíso 
082 0 4 |a N861  |b LEI  |2 21 
100 |a Leiva, Raúl  |e author  |9 506753 
245 1 0 |a Oda a Guatemala y otros poemas 
250 |a 1a. ed 
260 |a Ciudad de Guatemala  |b Saker - Ti  |c 1953 
300 |a 234 p 
500 |a Fotografía del autor y reproducciones de arte maya 
583 |a last modification  |c 20070124 00:00:00  |k Rodrigo Vera 
600 0 |a Paz, Octavio  |d 1914-1998  |9 881026 
600 0 7 |a CERNUDA, LUIS  |2 CL-VaPUC  |9 321579 
600 0 7 |a CARDOZA Y ARAGON, LUIS  |2 CL-VaPUC  |9 506754 
600 0 7 |a TORRES RIOSECO, ARTURO  |2 CL-VaPUC  |9 506755 
600 0 7 |a ASTURIAS, MIGUEL ANGEL  |2 CL-VaPUC  |9 309802 
650 7 |a POESIA GUATEMALTECA  |2 CL-VaPUC  |9 309998 
650 0 |a Crítica literaria   |9 269189 
650 0 |a Iconografía   |9 267998 
650 0 |a Arte maya   |9 363792 
650 0 |a Correspondencia  |9 258963 
650 7 |a PREMIO NOBEL DE LITERATURA  |2 CL-VaPUC  |9 506756 
942 |c BK  |2 ddc 
945 |d 20070124 00:00:00  |a rinostro 
952 |0 0  |1 0  |4 0  |6 N_861_000000000000000_LEI_1953  |7 0  |8 X  |9 398583  |a FDOBUD  |b FDOBUD  |d 2019-11-22  |i 1011979  |o N861 LEI 1953  |p 1011979  |r 2019-11-22  |w 2019-11-22  |y BK_X  |k BUD